| 000 | 01258nam0a22003011 4500 | ||
|---|---|---|---|
| 001 | rc\860641 | ||
| 005 | 20250622022108.0 | ||
| 035 | _a(NLR Aleph) 006040363 | ||
| 090 |
_a7620872 _c7620872 |
||
| 100 | _a20041129d1983 |||y0rusy50 ca | ||
| 101 | 0 | _arus | |
| 102 | _aRU | ||
| 105 | _ay ||||||||| | ||
| 200 | 1 | _aОтчет о командировке в Финляндию [для участия в работе международного симпозиума 1982 г. "Релятивистские эффекты в квантовой химии"] | |
| 210 |
_aМ. _cВИНИТИ _d1983 |
||
| 215 |
_a13 с. _d22 |
||
| 300 | _aНа 1-й с. авт.: З.Б. Рудзикас, проф. У.И. Сафронова, д. ф.-м. н. | ||
| 300 | _aВ надзаг.: АН СССР, ВИНИТИ | ||
| 320 | _aСписок получ. материалов: с. 13 | ||
| 333 | _aДСП. Экз. № 6 | ||
| 700 | 1 |
_4070 _7ca _8rus _aРудзикас _bЗ. Б. _f1940-2011 _gЗенонас Брониславович _9241750 _3RU\NLR\AUTH\770241806 |
|
| 701 | 1 |
_aСафронова _bУ.И. _gУльяна Ивановна |
|
| 801 | 0 |
_aRU _bNLR _gpsbo |
|
| 801 | 1 |
_aRU _bELAR _2rusmarc |
|
| 852 |
_aNLR _j83-50К/1925 |
||
| 942 | _cBOOK | ||
| 980 | _aNB | ||